Surveyors advising in respect of the Electronic Communications Code (Record no. 121159)

MARC details
000 -LEADER
fixed length control field 01444nam a22003017a 4500
001 - CONTROL NUMBER
control field K121159
008 - FIXED-LENGTH DATA ELEMENTS--GENERAL INFORMATION
fixed length control field 160218b2019 xxu||||| |||| 00| 0 eng d
020 ## - INTERNATIONAL STANDARD BOOK NUMBER
ISBN 9781783213764
041 ## - LANGUAGE CODE
Language code of text/sound track or separate title eng
100 ## - MAIN ENTRY--PERSONAL NAME
Personal author Talbot, Mark
245 ## - TITLE STATEMENT
Title Surveyors advising in respect of the Electronic Communications Code
250 ## - EDITION
Edition statement 1st
260 ## - PUBLICATION INFORMATION
Place of publication London
Publisher RICS
Date 2019
490 ## - SERIES TITLE
Series statement RICS professional standards and guidance, UK
520 ## - ABSTRACT
Abstract Provides a framework and identifies key factors surveyors need to take into consideration when advising clients on matters relating to electronic communications and installations which fall under the scope of the Electronic Communications Code.<br/><br/>
520 ## - ABSTRACT
Abstract This guidance note was amended January 2022 to update references to the RICS Rules of Conduct
650 ## - KEYWORDS
Keywords Electronic Communications Code
650 ## - KEYWORDS
Keywords Networks
650 ## - KEYWORDS
Keywords Surveyors advising in respect of compulsory purchase and statutory compensation
650 ## - KEYWORDS
Keywords Cornerstone Telecommunications Infrastructure Ltd v University of London
650 ## - KEYWORDS
Keywords Cornerstone Telecommunications Infrastructure Ltd v Keast
650 ## - KEYWORDS
Keywords Digital Economy Act 2017
651 ## - SUBJECT ADDED ENTRY--GEOGRAPHIC NAME
Geographic name United Kingdom
690 ## - BROAD SUBJECT
9 (RLIN) 6246
Broad subject Infrastructure
700 ## - ADDED PERSONAL NAME
Added personal author Doane, Susan
856 ## - ONLINE RESOURCE
Uniform Resource Identifier <a href="https://www.rics.org/profession-standards/rics-standards-and-guidance/sector-standards/land-standards/electronic-communications-code">https://www.rics.org/profession-standards/rics-standards-and-guidance/sector-standards/land-standards/electronic-communications-code</a>
Public note Available on RICS.org
942 ## - ADDED ENTRY ELEMENTS (KOHA)
Suppress in OPAC Do not suppress in OPAC
Holdings
Lost status Source of classification or shelving scheme Damaged status Not for loan Home library Current library Shelving location Date acquired Total Checkouts Date last seen Price effective from Koha item type Full call number
        Archives Archives Archive copy 19/11/2019   19/11/2019 19/11/2019 Book 2019/14 RICS
        London London RICS Boxes 19/11/2019   19/11/2019 19/11/2019 Book 2019/14 RICS
  Dewey Decimal Classification     Virtual Virtual Online 19/11/2019   23/03/2023 19/11/2019 Online material